Moderné trendy v manažmente organizácií miestnej samosprávy ako nástroj trvalo udržateľného rozvoja

Saved in:
Bibliographic Details
Main Author: Jankelová, Nadežda, 1966-
Other Authors: Čajková, Andrea, Larionova, Nina, Škultéty, Peter, Rokina, V. Galina
Format: Book
Language:Slovak
Published: Brno MSD 2018
Edition:1. vydanie
Subjects:
Tags: Add Tag
No Tags, Be the first to tag this record!

MARC

LEADER 00000nam a2200000 4500
001 0252039
005 20240502083721.3
020 |a 978-80-7392-285-6 
041 0 |a slo 
044 |a CZ 
245 1 0 |a Moderné trendy v manažmente organizácií miestnej samosprávy ako nástroj trvalo udržateľného rozvoja  |c Nadežda Jankelová, Andrea Čajková, Nina Larionova ; recenzenti: Peter Škultéty, Galina Rokina 
250 |a 1. vydanie 
264 1 |a Brno  |b MSD  |c 2018 
300 |a [209 s.] [10,8 AH] 
610 2 0 |a sektor verejný 
610 2 0 |a správa verejná 
610 2 0 |a obce 
610 2 0 |a rozvoj trvalo udržateľný 
610 2 0 |a samospráva miestna 
610 2 0 |a riadenie strategické 
610 2 0 |a plánovanie strategické 
610 2 0 |a riadenie procesné 
610 2 0 |a riadenie zmien 
100 1 |a Jankelová, Nadežda, 1966- 
700 1 |a Čajková, Andrea 
700 1 |a Larionova, Nina 
700 1 |a Škultéty, Peter 
700 1 |a Rokina, V. Galina